Ciudades Más Grandes en Cada Comunidad Autónoma de España - Estadísticas

Estadísticas generales
  • Esta prueba ha sido intentada 299 veces
  • La puntuación promedio es 37 de 51
Estadísticas de respuestas
Comunidad autónoma Población Ciudad % Correcto
Andalucía 691.395 Sevilla
100%
Cataluña 1.644.182 Barcelona
98%
Aragón 681.877 Zaragoza
98%
Andalucía 578.460 Málaga
97%
Madrid 3.334.720 Madrid
95%
Asturias 219.910 Oviedo
94%
Andalucía 326.039 Córdoba
93%
Murcia 459.403 Murcia
93%
Aragón 53.956 Huesca
92%
Navarra 203.944 Pamplona
92%
Cantabria 173.375 Santander
92%
Castilla y León 299.265 Valladolid
92%
Galicia 247.604 A Coruña
91%
Extremadura 150.984 Badajoz
91%
Asturias 271.717 Gijon
91%
Aragón 36.240 Teruel
90%
Castilla-La Mancha 85.811 Toledo
90%
Valenciana 800.215 Valencia
90%
Extremadura 96.225 Cáceres
89%
Galicia 296.692 Vigo
89%
País Vasco 350.184 Bilbao
88%
Castilla y León 144.825 Salamanca
88%
Valenciana 337.482 Alicante
87%
Islas Canarias 381.223 Las Palmas
87%
Castilla-La Mancha 174.336 Albacete
86%
Islas Baleares 422.587 Palma de Mallorca
86%
Castilla y León 176.418 Burgos
85%
La Rioja 152.485 Logroño
83%
Extremadura 59.548 Mérida
83%
Murcia 216.108 Cartagena
79%
Islas Canarias 209.194 Santa Cruz
78%
Castilla-La Mancha 87.484 Guadalajara
76%
Valenciana 234.765 Elche
72%
Asturias 77.971 Avilés
63%
Madrid 210.309 Móstoles
63%
Galicia 105.643 Orense
58%
Madrid 197.562 Alcalá de Henares
55%
Murcia 95.515 Lorca
52%
Cantabria 51.597 Torrelavega
50%
País Vasco 188.240 Donostia
49%
Navarra 35.369 Tudela
44%
Islas Canarias 158.911 La Laguna
42%
Cataluña 223.627 Terrassa
42%
País Vasco 253.996 Vitoria-Gasteiz
41%
Cantabria 32.270 Castro-Urdiales
37%
Cataluña 269.382 L'Hospitalet de Llobregat
35%
La Rioja 23.708 Calahorra
32%
Islas Baleares 51.710 Calvià
23%
La Rioja 14.245 Arnedo
18%
Islas Baleares 51.128 Eivissa
16%
Navarra 21.120 Barañáin
7%
No se encontraron pruebas coincidentes
Distribución de puntuación
Porcentaje de gente con cada puntuación
Porcentaje por número respondido
Historial de tus puntuaciones
No has intentado esta prueba.